Statistiques concernant Pays champions du monde de handball

Cliquez ici pour prendre le quiz!

Statistiques générales

  • Ce quiz a été pris 1 049 fois
  • Le résultat moyen est 6 sur 9

Statistiques - réponses

Nombre de titres mondiauxPays% Correct
6France
100%
3Allemagne
91%
4Suède
91%
2Espagne
90%
3Russie
77%
1Croatie
67%
4Roumanie
48%
1Serbie
47%
1République Tchèque
16%

Distribution des résultats

Percentile par nombre de réponses

% des personnes avec chaque résultat

Votre développement - résultats

Vous n’avez pas pris ce quiz